[Event "Graz Match 2019"]
[Site "Graz AUT"]
[Date "2019.02.18"]
[Round "2"]
[White "Ragger,M"]
[Black "Gelfand,B"]
[Result "1-0"]
[WhiteElo "2683"]
[BlackElo "2669"]

1.e4 e5 2.Nf3 Nf6 3.d4 Nxe4 4.dxe5 d5 5.Nbd2 Nc5 6.Be2 Be7 7.O-O O-O 8.Re1 a5
9.c3 Re8 10.Nf1 c6 11.Ng3 Nbd7 12.Bf1 Nf8 13.Nd4 g6 14.f4 Bh4 15.Be3 Bxg3
16.hxg3 Ne4 17.Kh2 Ne6 18.Bd3 Nxd4 19.Bxe4 Nf5 20.Bf3 h5 21.Bf2 Be6 22.g4 hxg4
23.Bxg4 Kg7 24.Kg1 Rh8 25.Bxf5 gxf5 26.Re3 Rh6 27.Rg3+ Kh7 28.Qd3 Qh4 29.Rg7+ Kxg7
30.Bxh4 Rxh4 31.Rf1 Rah8 32.Rf3 Rh1+ 33.Kf2 R8h4 34.Rg3+ Kh7 35.Qe3 Rb1 36.Qd2 Rbh1
37.Rg5 Rb1 38.Qe2 Kh6 39.Kg3 Rhh1 40.Qf2 Rbf1 41.Qb6  1-0

[Event "Graz Match 2019"]
[Site "Graz AUT"]
[Date "2019.02.19"]
[Round "3"]
[White "Gelfand,B"]
[Black "Ragger,M"]
[Result "1/2-1/2"]
[WhiteElo "2669"]
[BlackElo "2683"]

1.d4 Nf6 2.Nf3 g6 3.Nbd2 Bg7 4.e4 d6 5.Be2 O-O 6.O-O Nc6 7.c3 e5 8.dxe5 Nxe5
9.Nxe5 dxe5 10.Qc2 b6 11.b3 Bb7 12.Ba3 Re8 13.Rad1 Bf8 14.Bxf8 Rxf8 15.Rfe1 Qe7
16.b4 a5 17.a3 Rfd8 18.f3 axb4 19.axb4 Ba6 20.Nc4 Bb5 21.Ne3 Bxe2 22.Qxe2 Rxd1
23.Rxd1 Rd8 24.Rxd8+ Qxd8 25.Nc4 Qe7 26.Qd2 Kg7 27.Ne3 b5 28.c4 bxc4 29.Nxc4 Nd7
30.Qc3 f6 31.Ne3 Qd6 32.Kf2 c5 33.bxc5 Qxc5 34.Qxc5 Nxc5 35.Nd5 Kf7 36.Ke3 Ke6
37.Nc7+ Kd6 38.Nb5+ Ke6 39.Nc7+ Kd6 40.Nb5+ Ke6  1/2-1/2

[Event "Graz Match 2019"]
[Site "Graz AUT"]
[Date "2019.02.20"]
[Round "4"]
[White "Ragger,M"]
[Black "Gelfand,B"]
[Result "1/2-1/2"]
[WhiteElo "2683"]
[BlackElo "2669"]

1.e4 e5 2.Nf3 Nf6 3.d4 Nxe4 4.dxe5 d5 5.Nbd2 Nxd2 6.Bxd2 c5 7.Bd3 Be7 8.c3 Nc6
9.O-O Be6 10.b4 cxb4 11.cxb4 Bxb4 12.Bxb4 Nxb4 13.Nd4 Nxd3 14.Qxd3 O-O 15.f4 g6
16.f5 gxf5 17.Nxf5 Kh8 18.Rab1 Qg5 19.Rxb7 Rfb8 20.Rb3 Rxb3 21.axb3 Rc8 22.h4 Bxf5
23.Qxf5 Qxf5 24.Rxf5 Kg7 25.Rf4 Rc1+ 26.Kf2 Rc2+ 27.Kf1 Rc1+ 28.Kf2 Rc2+
29.Kf1 Rc1+ 30.Kf2  1/2-1/2

[Event "Graz Match 2019"]
[Site "Graz AUT"]
[Date "2019.02.22"]
[Round "5"]
[White "Gelfand,B"]
[Black "Ragger,M"]
[Result "1/2-1/2"]
[WhiteElo "2669"]
[BlackElo "2683"]

1.Nf3 Nf6 2.c4 c5 3.Nc3 d5 4.cxd5 Nxd5 5.e3 Nxc3 6.dxc3 Qc7 7.e4 e6 8.Be3 Be7
9.Nd2 O-O 10.f4 Rd8 11.Be2 b6 12.O-O Ba6 13.Bxa6 Nxa6 14.Qe2 Qb7 15.f5 exf5
16.Rxf5 Rd6 17.Raf1 Rf8 18.Qf3 Rf6 19.Nc4 Rxf5 20.Qxf5 Qc8 21.Rd1 Qxf5 22.exf5 Rd8
23.Rxd8+ Bxd8 24.Kf2 Kf8 25.Kf3 Ke7 26.Ne5 Nb8 27.Ke4 f6 28.Nd3 Nc6 29.h3 g5
30.b4 cxb4 31.cxb4 a6 32.a3 Kd6 33.Nb2 Ne7 34.a4 Kc6 35.Bd4 Nc8 36.b5+ axb5
37.axb5+ Kd7 38.Nc4 Na7 39.Na3 h5 40.g4 hxg4 41.hxg4 Nc8 42.Kd5 Nd6 43.Bb2 Be7
44.Nc4 Nxb5 45.Nxb6+ Ke8 46.Nc8 Kd7 47.Nb6+ Ke8 48.Nc8 Kd7 49.Nxe7 Nc7+ 50.Kc5 Kxe7
51.Kc6 Ne8 52.Ba3+ Kf7 53.Kd7 Ng7  1/2-1/2

[Event "Graz Match 2019"]
[Site "Graz AUT"]
[Date "2019.02.23"]
[Round "6"]
[White "Ragger,M"]
[Black "Gelfand,B"]
[Result "1-0"]
[WhiteElo "2683"]
[BlackElo "2669"]

1.e4 e5 2.Nf3 Nf6 3.Nxe5 d6 4.Nc4 Nxe4 5.Qe2 d5 6.d3 Be6 7.dxe4 dxc4 8.f4 Nc6
9.c3 Qf6 10.Qf2 O-O-O 11.Be2 g5 12.f5 Bd7 13.Be3 Nb4 14.cxb4 Qxb2 15.O-O Bc6
16.Nd2 Rxd2 17.Bxd2 Qxd2 18.Bxc4 Qxb4 19.Rac1 Bd6 20.Bxf7 Qxe4 21.Rfe1 Qf4
22.Be6+ Kd8 23.Qxf4 gxf4 24.Kf2 h5 25.f6 Bd7 26.Rcd1 Rf8 27.Bxd7 Kxd7 28.Re7+ Kc6
29.Rh7 Rxf6 30.Rxh5 b5 31.h4 a5 32.Rdd5 b4 33.Rxa5 Re6 34.Rhg5 Kb6 35.Rgb5+ Kc6
36.h5 Re3 37.h6 Be7 38.Rh5  1-0

[Event "13th Kings Rapid Match 1"]
[Site "Bucharest ROU"]
[Date "2019.11.28"]
[Round "1"]
[White "Deac,Bogdan-Daniel"]
[Black "Gelfand,B"]
[Result "1/2-1/2"]
[WhiteElo "2618"]
[BlackElo "2684"]

1.e4 c5 2.Nf3 Nc6 3.d4 cxd4 4.Nxd4 Nf6 5.Nc3 e5 6.Ndb5 d6 7.Bg5 a6 8.Na3 b5
9.Bxf6 gxf6 10.Nd5 f5 11.Bd3 Be6 12.c3 Bg7 13.Nxb5 axb5 14.Bxb5 Rc8 15.Qa4 Bd7
16.exf5 O-O 17.O-O e4 18.Rfe1 Ne5 19.Bxd7 Nxd7 20.Qxe4 Nf6 21.Nxf6+ Bxf6
22.Rad1 Qb6 23.Qg4+ Kh8 24.Re2 Rc5 25.g3 Rb5 26.Qf4 d5 27.a4 Rxb2 28.Rxb2 Qxb2
29.Qh6 Bg7 30.Qd6 Qxc3 31.Qxd5 Bf6 32.Qe4 Qc7 33.Rb1 Rb8 34.Rxb8+ Qxb8 35.a5 Qa7
36.Qc6 Kg7 37.a6 Bd4 38.Kg2 Qe7 39.Qd5 Ba7 40.Qb7 Qc5 41.f4 h5 42.Qb2+ Kg8
43.Qf6 Qf2+ 44.Kh3 Qe2 45.Qg5+ Kf8 46.Qd8+ Kg7 47.Qg5+ Kf8 48.f6 Qa2 49.Qxh5 Qe6+
50.Qg4 Qxf6 51.Qc8+ Kg7 52.Qg4+ Kf8 53.Qc8+ Kg7 54.Qg4+  1/2-1/2

[Event "13th Kings Rapid Match 1"]
[Site "Bucharest ROU"]
[Date "2019.11.28"]
[Round "2"]
[White "Gelfand,B"]
[Black "Deac,Bogdan-Daniel"]
[Result "1-0"]
[WhiteElo "2684"]
[BlackElo "2618"]

1.d4 Nf6 2.c4 e6 3.Nf3 d5 4.g3 Be7 5.Bg2 O-O 6.O-O dxc4 7.Qc2 b5 8.a4 b4
9.Nfd2 Nd5 10.Nxc4 c5 11.dxc5 Ba6 12.Ne3 Nd7 13.Nxd5 exd5 14.c6 Rc8 15.Bf4 Nc5
16.Rd1 d4 17.h4 Re8 18.Nd2 Bxe2 19.c7 Qd7 20.Rdc1 Nd3 21.Bc6 Qh3 22.Bxe8 Nxf4
23.Qe4 Rxe8 24.Qxf4 Ba6 25.Qf3 Qc8 26.Kh2 Bb7 27.Qf4 Qd7 28.Rc4 Bf6 29.Rc5 Be7
30.Qf5 Qc8 31.Qxc8 Rxc8 32.Rc4 Bd5 33.Rxd4  1-0

[Event "13th Kings Rapid Match 1"]
[Site "Bucharest ROU"]
[Date "2019.11.28"]
[Round "3"]
[White "Deac,Bogdan-Daniel"]
[Black "Gelfand,B"]
[Result "1/2-1/2"]
[WhiteElo "2618"]
[BlackElo "2684"]

1.d4 Nf6 2.c4 e6 3.Nc3 Bb4 4.Qc2 O-O 5.a3 Bxc3+ 6.Qxc3 d5 7.Nf3 dxc4 8.Qxc4 b6
9.Bg5 Bb7 10.Rd1 Nbd7 11.Ne5 h6 12.Bh4 c5 13.f3 cxd4 14.Qxd4 Nxe5 15.Qxe5 Qe7
16.e4 Rfd8 17.Be2 Rxd1+ 18.Bxd1 Ba6 19.Be2 Bxe2 20.Kxe2 Rd8 21.Rd1 Rxd1 22.Kxd1 Qd7+
23.Ke1 Ne8 24.Bf2  1/2-1/2

[Event "13th Kings Rapid Match 1"]
[Site "Bucharest ROU"]
[Date "2019.11.28"]
[Round "4"]
[White "Gelfand,B"]
[Black "Deac,Bogdan-Daniel"]
[Result "1/2-1/2"]
[WhiteElo "2684"]
[BlackElo "2618"]

1.d4 d5 2.c4 e6 3.Nf3 Nd7 4.g3 dxc4 5.Bg2 Rb8 6.a4 b6 7.Nfd2 Ba6 8.O-O Ngf6
9.Nc3 c5 10.Nb5 cxd4 11.Nxc4 Bc5 12.Bf4 O-O 13.Bc7 Qe7 14.Bxb8 Nxb8 15.b4 Bxb4
16.Qxd4 Bc5 17.Qb2 Bb7 18.Bxb7 Qxb7 19.Ne5 a6 20.Nd4 Ne4 21.Rad1 a5 22.Nd3 Be7
23.f3 Nd6 24.Ne5 Bf6 25.Ng4 Be7 26.Ne5 Bf6 27.Ng4 Be7  1/2-1/2

[Event "World Blitz 2019"]
[Site "Moscow RUS"]
[Date "2019.12.29"]
[Round "11.16"]
[White "Gelfand,B"]
[Black "Gareev,T"]
[Result "0-1"]
[WhiteElo "2684"]
[BlackElo "2598"]

1.d4 d6 2.Nf3 h6 3.e4 g5 4.Nc3 Bg7 5.Be3 a6 6.Qd2 Nd7 7.O-O-O b5 8.e5 Nb6
9.Bd3 Be6 10.Qe2 b4 11.Ne4 Bd5 12.h4 g4 13.Nh2 h5 14.f3 Qd7 15.fxg4 Qa4 16.Bg5 Qxa2
17.exd6 Qa1+ 18.Kd2 Qxb2 19.Nf3 hxg4 20.Ne5 Qxd4 21.d7+ Kd8 22.Nxg4 f5 23.Ngf2 fxe4
24.Nxe4 Nc4+ 25.Ke1 Nb2 26.Be3 Nxd3+ 27.cxd3 Qb2 28.Rd2 Bc3 29.Nxc3 Qxc3
30.Bg5 Nf6 31.Qxe1 Qd4  0-1